000 00448nam a2200193Ia 4500
003 OSt
005 20251028120518.0
008 250729s1980 xx 000 0 und d
020 _a978-0310306115
040 _cAL
041 _aeng
082 _a158.1 OSBA
100 _aOsborne G
_9223490
245 _aThe art of getting also with people
260 _aBombay
_c1980
300 _a185p
650 _aPsychology
_9223491
942 _2ddc
_cBED
999 _c235933
_d235933